Zastave - random - Statistics

General Stats
  • This quiz has been taken 4 337 times
    4 159 since last reset
  • The average score is 6 of 10
Answer Stats
Picture Answer % Correct
Finska
93%
Rusija
93%
Kosovo
92%
Francuska
91%
Slovenija
90%
Argentina
89%
Australija
88%
Brazil
88%
Estonija
88%
Indija
88%
Irska
88%
Kanada
88%
Švedska
88%
Belgija
87%
Južna Koreja
87%
Srbija
87%
Kipar
86%
Portugal
86%
Sjeverna Makedonija
86%
Malta
85%
Norveška
85%
Švicarska
85%
Ukrajina
85%
Vatikan Siti
85%
Bosna i Hercegovina
84%
Meksiko
84%
Danska
83%
Sjedinjene Američke Države
83%
Španija
83%
Grčka
82%
Jamajka
82%
Češka
81%
Hrvatska
81%
Iran
81%
Maroko
81%
Saudijska Arabija
81%
Urugvaj
81%
Austrija
80%
Island
80%
Katar
80%
Nepal
80%
Nigerija
80%
Njemačka
80%
Slovačka
80%
Turska
80%
Albanija
79%
Crna Gora
79%
Kina
79%
Libanon
79%
Mađarska
78%
Nizozemska
78%
Poljska
78%
Kazahstan
77%
Rumunija
77%
San Marino
77%
Egipat
76%
Gruzija
76%
Japan
76%
Luksemburg
76%
Pakistan
76%
Šri Lanka
76%
Italija
75%
Moldavija
75%
Irak
74%
Ujedinjeno Kraljevstvo
74%
Bjelorusija
73%
Bugarska
73%
Indonezija
73%
Panama
73%
Čile
72%
Vijetnam
72%
Novi Zeland
71%
Alžir
70%
Andora
70%
Honduras
70%
Latvija
70%
Lihtenštajn
70%
Peru
70%
Tunis
70%
Bangladeš
69%
Filipini
69%
Kolumbija
69%
Haiti
68%
Kuba
68%
Sirija
68%
Etiopija
67%
Madagaskar
67%
Mongolija
67%
Paragvaj
67%
Venecuela
67%
Bahrein
66%
Barbados
66%
Kirgistan
66%
Butan
64%
Južna Afrika
64%
Kostarika
64%
Surinam
64%
Fidži
63%
Bocvana
62%
Dominikanska Republika
62%
Laos
62%
Monako
62%
Sjeverna Koreja
62%
Angola
61%
Lesoto
61%
Sudan
61%
Kambodža
60%
Niger
60%
Tajland
60%
Afganistan
59%
Palestina
57%
Senegal
57%
Armenija
56%
Čad
56%
Sejšeli
56%
Singapur
56%
Komori
55%
Ruanda
55%
Uganda
55%
Uzbekistan
55%
Azerbejdžan
54%
Bolivija
54%
Kenija
54%
Libija
54%
Mjanmar
53%
Obala Slonovače
53%
Oman
53%
Somalija
53%
Malezija
51%
Papua Nova Gvineja
51%
Sveta Lucija
51%
Ekvador
50%
Esvatini
50%
Kiribati
50%
Tajvan
50%
Antigva i Barbuda
49%
Brunej
49%
Grenada
49%
Vanuatu
49%
Gana
48%
Gvatemala
48%
Palau
48%
Jemen
47%
Mali
47%
Mozambik
47%
Nikaragva
47%
Liberija
46%
Litvanija
46%
Ujedinjeni Arapski Emirati
46%
Dominika
45%
Tonga
45%
Belize
44%
Kamerun
44%
Maldivi
44%
Burundi
43%
Kuvajt
43%
Malavi
43%
Tadžikistan
41%
Tanzanija
41%
Demokratska Republika Kongo
40%
Jordan
40%
Džibuti
39%
Gabon
39%
Zimbabve
39%
Istočni Timor
37%
Turkmenistan
37%
Bahami
36%
Mikronezija
36%
Namibija
35%
Zelenortski otoci
35%
Republika Kongo
33%
Nauru
32%
Gambija
31%
Samoa
31%
Mauricijus
30%
Sijera Leone
30%
Togo
30%
El Salvador
29%
Maršalovi otoci
29%
Tuvalu
29%
Zambija
29%
Gvineja
28%
Gvajana
27%
Južni Sudan
27%
Benin
26%
Solomonski otoci
25%
Ekvatorijalna Gvineja
24%
Sveti Vincent i Grenadini
24%
Burkina Faso
23%
Trinidad i Tobago
21%
Mauritanija
19%
Gvineja Bisau
18%
Eritreja
17%
Sao Tome i Principe
15%
Sveti Kits i Nevis
14%
Centralnoafrička Republika
12%
No matching quizzes found
Score Distribution
Percent of People with Each Score
Percentile by Number Answered
Your Score History
You have not taken this quiz since the last reset